| 000 | 00551nam a2200217Ia 4500 | ||
|---|---|---|---|
| 003 | OSt | ||
| 005 | 20230318110550.0 | ||
| 008 | 210423s2016 xx 000 0 und d | ||
| 020 | _a978-81-7234-368-2 | ||
| 040 | _cAL | ||
| 041 | _aeng | ||
| 082 |
_a823.912 _223 _bHESS |
||
| 100 |
_aHESSE (Hermann) _976341 |
||
| 245 | _aSiddhartha: an Indian tale | ||
| 260 |
_aNew Delhi _bFingerprint _c2016 |
||
| 300 |
_a160 _bPB |
||
| 365 |
_b125 _cINR |
||
| 650 |
_aEnglish Fiction _976342 |
||
| 906 | _aan ; Indian ; Siddhartha: ; tale | ||
| 942 |
_2ddc _cBK |
||
| 999 |
_c168701 _d168701 |
||